000 00580nam a2200205Ia 4500
005 20250508151107.0
008 008 250505s9999 xx 000 0 eng d
037 _aTextBook
040 _aFEDL
_beng
_cFEDL
041 _aeng
_2eng
084 _a300.7, MIC
_qFEDL
100 _aMichaelis John U
245 0 _aSocial studies for children in a democracy
260 _aNew York, USA
_bPrentice Hall
_c1953
300 _aix,466p
365 _aINR
_b31.12
650 _aSocial Sciences - Teaching
_9619988
942 _cTB
_h300.7, MIC
999 _c1327554
_d1327554